000 01238naa a22003137a 4500
001 BR8206733
003 BR-BrBNA
005 20240918175214.0
007 ta
008 230509b bl.||||| |||| 00| 0 por d
040 _aBR-BrBNA
_bpor
_cBiblioteca Nacional de Agricultura
041 _a(Pt)
072 _aP05; A50; E30
_b8961
_b0230
_b1540
_bG514
090 _aP05 BR8206733
100 1 _aSilva, J.R. (Empresa Brasileira de Assistencia Tecnica e Extensao Rural, Brasilia, DF, Brazil))
111 1 _aSeminario sobre Energia, Tecnologia e Planejamento
_cBelo Horizonte, MG (Brazil)
_d30 Aug 1982
245 1 _aDestilarias mistas [alcool, mandioca, cana de acucar, Brasil]
260 3 _aBelo Horizonte, MG (Brasil):
_c1982.
500 _aAnais do Seminario sobre Energia, Tecnologia e Planejamento Belo Horizonte, MG (Brasil): 1982. p. 295-308 (BR8206733-AM)P05
650 _aCOMBUSTIVEL
650 _aPROGRAMA DE PESQUISA
650 _aCANA DE ACUCAR
650 _aMANDIOCA
650 _aDESTILARIA
650 _aALCOOL
773 0 _tAnais do Seminario sobre Energia, Tecnologia e Planejamento
_wP05 BR8206733
_gBelo Horizonte, MG (Brasil), 1982. p. 295-308
909 _a202404
_bLucia
_c55
_dLucia Elande
942 _cAM
_2AGRIS
999 _c315587
_d315587